000
00243nam a22001097a 4500
082
_a
669 FRA'H
100
_a
HOEPPNER, DAVID W
_9
76749
245
_a
FRACTURE PREVENTION AND CONTROL
260
_a
USA
_b
ASM
_c
1974
300
_a
472P
942
_c
BK
999
_c
582087
_d
582087